Social mobility and identity crisis of Dalit Christians : (Record no. 75408)

MARC details
000 -LEADER
fixed length control field 00818nam a22002537a 4500
003 - CONTROL NUMBER IDENTIFIER
control field OSt
005 - DATE AND TIME OF LATEST TRANSACTION
control field 20211214104641.0
008 - FIXED-LENGTH DATA ELEMENTS--GENERAL INFORMATION
fixed length control field 211207b |||||||| |||| 00| 0 eng d
020 ## - INTERNATIONAL STANDARD BOOK NUMBER
Collection Number T202
040 ## - CATALOGING SOURCE
Transcribing agency STCPL
041 ## - LANGUAGE CODE
Language code of text/sound track or separate title English
082 ## - DEWEY DECIMAL CLASSIFICATION NUMBER
Classification number 320
Item number UNN-S
100 ## - MAIN ENTRY--PERSONAL NAME
Personal name Unni Joseph
110 ## - GUIDE
Theses guided by Guided by Stany Thomas
111 ## - REARCH CENTRE
University and Center Mahatma Gandhi University Kottayam, Research and Post Graduate Department of Political Science, St. Thomas College Palai
245 ## - TITLE STATEMENT
Title Social mobility and identity crisis of Dalit Christians :
Remainder of title A case study of Dalit Catholics in Kottayam district /
Statement of responsibility, etc. by Unni Joseph
260 ## - PUBLICATION, DISTRIBUTION, ETC.
Place of publication, distribution, etc. Pala :
Date of publication, distribution, etc. Aygust 2018
300 ## - PHYSICAL DESCRIPTION
Extent 263p.
Other physical details Hard Back
650 ## - SUBJECT ADDED ENTRY--TOPICAL TERM
Topical term Politics
856 ## - ELECTRONIC LOCATION AND ACCESS
Uniform Resource Identifier <a href="https://shodhganga.inflibnet.ac.in/handle/10603/273511">https://shodhganga.inflibnet.ac.in/handle/10603/273511</a>
942 ## - ADDED ENTRY ELEMENTS (KOHA)
Koha item type Theses
942 ## - ADDED ENTRY ELEMENTS (KOHA)
Suppress in OPAC No
Source of classification or shelving scheme Dewey Decimal Classification
942 ## - ADDED ENTRY ELEMENTS (KOHA)
Source of classification or shelving scheme Dewey Decimal Classification
Suppress in OPAC No
Holdings
Withdrawn status Lost status Source of classification or shelving scheme Damaged status Not for loan Collection code Home library Current library Shelving location Date acquired Total Checkouts Full call number Barcode Date last seen Price effective from Koha item type
    Dewey Decimal Classification     Political Science ST. THOMAS COLLEGE LIBRARY, PALAI ST. THOMAS COLLEGE LIBRARY, PALAI Theses 2021-12-07   320 UNN-S T202 2021-12-07 2021-12-07 Theses
Rights reserved ©2021 ST. THOMAS COLLEGE LIBRARY
A joint venture of - St. Thomas College Library and
Department of Computer Science, St. Thomas Collge Palai